Statistics for Rabbit Breeds

Click here to take the quiz!

General Stats

  • This quiz has been taken 76 times
  • The average score is 5 of 15

Answer Stats

HintAnswer% Correct
The largest rabbit breedFlemish Giant
62%
The hairiest rabbit, a type of woolAngora
61%
The smallest rabbit breedNetherland Dwarf
56%
The smallest lop breedMini lop
53%
A fuzzy rabbit, named after a feline carnivoreLionhead
44%
This rabbit has the largest earsFrench Lop
38%
A two coloured rabbit, one of the most popular breedsDutch
36%
A medium sized rabbit with lots of spotsEnglish Spot
33%
This rabbit breed is named after a mountain rangeHimalayan
29%
This breed shares a name with another small rodent petChinchilla
27%
A rabbit with white fur and red eyes, its name is a countryNew Zealand
27%
A small rabbit, normally one colourPolish or Britannia Petite
11%
This rabbits name reminds you of jumpers and it is one of the channel islandsJersey Wooly
8%
A rabbit with long ears, a UK country is included in its nameBritish Lop
5%
A tri-coloured rabbit originated from GermanyRhindler
3%

Score Distribution

Percentile by Number Answered

Percent of People with Each Score

Your Score History

You have not taken this quiz